[Event "WchT Blitz Pool C"]
[Site "London"]
[Date "2025.06.14"]
[Round "12.5"]
[White "Khotenashvili, Bela"]
[Black "Agafonov, Yuri"]
[Result "1-0"]
[WhiteElo "2418"]
[BlackElo "2096"]
[PlyCount "68"]
[EventDate "2025.06.14"]
[EventType "team-tourn"]
[EventRounds "13"]
[EventCountry "ENG"]
[SourceTitle "CB25_2025"]
[SourceDate "2025.06.18"]
[SourceVersion "1"]
[SourceVersionDate "2025.06.18"]
[SourceQuality "1"]
[WhiteTeam "Duobeniajan Costa Calida"]
[BlackTeam "OlalaStars"]
[WhiteTeamCountry "ESP"]
[BlackTeamCountry "EST"]

1. Nf3 e6 2. g3 f5 3. Bg2 Nf6 4. c4 a5 5. Nc3 Bb4 6. Qc2 0-0 7. b3 Bxc3 8. Qxc3 d6 9. d3 Nc6 10. Bb2 e5 11. c5 Bd7 12. a3 Qe7 13. 0-0 Rfe8 14. cxd6 cxd6 15. b4 Rec8 16. Qd2 axb4 17. axb4 d5 18. b5 Nd4 19. Bxd4 exd4 20. Nxd4 Rxa1 21. Rxa1 Qc5 22. e3 g6 23. h3 Bxb5 24. Nxb5 Qxb5 25. Bf1 d4 26. e4 Kg7 27. Re1 Qc5 28. e5 Nd5 29. Bg2 Nc7 30. Bxb7 Re8 31. f4 h5 32. Bf3 Nb5 33. Qa2 Re7 34. Qa6 Kh7 1-0

[Event "WchT Blitz Pool C"]
[Site "London"]
[Date "2025.06.14"]
[Round "6.5"]
[White "Khotenashvili, Bela"]
[Black "Camp, Imogen AL"]
[Result "1-0"]
[WhiteElo "2418"]
[BlackElo "1915"]
[PlyCount "117"]
[EventDate "2025.06.14"]
[EventType "team-tourn"]
[EventRounds "13"]
[EventCountry "ENG"]
[SourceTitle "CB25_2025"]
[SourceDate "2025.06.18"]
[SourceVersion "1"]
[SourceVersionDate "2025.06.18"]
[SourceQuality "1"]
[WhiteTeam "Duobeniajan Costa Calida"]
[BlackTeam "Wood Green Youth"]
[WhiteTeamCountry "ESP"]
[BlackTeamCountry "ENG"]

1. Nf3 d5 2. g3 Bf5 3. Bg2 e6 4. 0-0 Nf6 5. d3 Be7 6. c4 c6 7. Qb3 Qb6 8. Qc2 Nbd7 9. cxd5 exd5 10. Nc3 0-0 11. Nh4 Be6 12. e4 dxe4 13. dxe4 Ng4 14. Nf3 Nge5 15. Nxe5 Nxe5 16. Be3 Qa5 17. h3 Nc4 18. Bc1 Rad8 19. Kh2 Rfe8 20. f4 f6 21. b3 Na3 22. Qb2 Nb5 23. Ne2 Qb6 24. a4 Nd4 25. a5 Qc5 26. Be3 Qc2 27. Bxd4 Qxb2 28. Bxb2 Rd2 29. Nd4 Bf7 30. Bc3 Rd3 31. Rf3 Rxf3 32. Bxf3 c5 33. Nf5 Bf8 34. Rb1 Rd8 35. Be2 b6 36. Ne3 Rd7 37. Kg2 Be7 38. Kf2 g6 39. Bc4 Kg7 40. Bxf7 Kxf7 41. Ke2 g5 42. Nf5 Bd8 43. axb6 axb6 44. fxg5 fxg5 45. Rf1 Kg6 46. g4 b5 47. Rd1 Rxd1 48. Kxd1 c4 49. b4 h5 50. Nd6 hxg4 51. hxg4 Bb6 52. Nxb5 Kf7 53. Nd6+ Ke6 54. Nxc4 Bc7 55. Ke2 Bg3 56. Kd3 Kd7 57. b5 Kc7 58. Be5+ Bxe5 59. Nxe5 1-0

[Event "WchT Blitz Pool C"]
[Site "London"]
[Date "2025.06.14"]
[Round "1.5"]
[White "Khotenashvili, Bela"]
[Black "Sodbilegt, Naranbold"]
[Result "0-1"]
[WhiteElo "2418"]
[BlackElo "2363"]
[PlyCount "82"]
[EventDate "2025.06.14"]
[EventType "team-tourn"]
[EventRounds "13"]
[EventCountry "ENG"]
[SourceTitle "CB25_2025"]
[SourceDate "2025.06.18"]
[SourceVersion "1"]
[SourceVersionDate "2025.06.18"]
[SourceQuality "1"]
[WhiteTeam "Duobeniajan Costa Calida"]
[BlackTeam "Mongolia II"]
[WhiteTeamCountry "ESP"]
[BlackTeamCountry "MGL"]

1. Nf3 c5 2. g3 Nc6 3. Bg2 d5 4. d4 e6 5. 0-0 b5 6. c3 Nf6 7. a4 b4 8. c4 Bb7 9. cxd5 exd5 10. dxc5 Bxc5 11. Nbd2 0-0 12. Nb3 Bb6 13. Bg5 h6 14. Bxf6 Qxf6 15. a5 Bc7 16. Nc5 Bc8 17. Qxd5 Rd8 18. Qe4 Bf5 19. Qh4 Qxb2 20. e4 Be6 21. Nxe6 fxe6 22. a6 Bb6 23. Qg4 Re8 24. Rac1 Rac8 25. Nh4 Nd4 26. Rxc8 Rxc8 27. Ng6 Re8 28. Nf4 Qb3 29. Nh5 Re7 30. Qf4 Qc3 31. Qg4 Qb2 32. e5 Ne2+ 33. Kh1 Qxe5 34. Be4 Nc3 35. Bc2 Rf7 36. Qg6 Kf8 37. Nf4 Rxf4 38. gxf4 Qxf4 39. Qxe6 Qf3+ 40. Kg1 Ne2+ 41. Qxe2 Qxe2 0-1

[Event "WchT Blitz Pool C"]
[Site "London"]
[Date "2025.06.14"]
[Round "5.5"]
[White "Rath, Alina"]
[Black "Khotenashvili, Bela"]
[Result "0-1"]
[WhiteElo "2019"]
[BlackElo "2418"]
[PlyCount "60"]
[EventDate "2025.06.14"]
[EventType "team-tourn"]
[EventRounds "13"]
[EventCountry "ENG"]
[SourceTitle "CB25_2025"]
[SourceDate "2025.06.18"]
[SourceVersion "1"]
[SourceVersionDate "2025.06.18"]
[SourceQuality "1"]
[WhiteTeam "Berlin Chess Federation"]
[BlackTeam "Duobeniajan Costa Calida"]
[WhiteTeamCountry "GER"]
[BlackTeamCountry "ESP"]

1. c4 g6 2. Nc3 Bg7 3. g3 c5 4. Bg2 Nc6 5. e4 d6 6. Nge2 h5 7. h4 Nf6 8. d3 a6 9. 0-0 0-0 10. a4 Ng4 11. Rb1 Rb8 12. Bf4 Bd7 13. Qd2 Nd4 14. b4 b6 15. f3 Ne5 16. Be3 Nxe2+ 17. Nxe2 Nc6 18. b5 axb5 19. axb5 Ne5 20. Rfd1 Ra8 21. Bh6 Ra3 22. Nc1 Bxh6 23. Qxh6 Qa8 24. Qd2 Qa5 25. Qe2 Ra8 26. Rb2 Ra7 27. Nb3 Qc3 28. Kh2 Rxb3 29. Rxb3 Qxb3 30. f4 Bg4 0-1

[Event "WchT Blitz Pool C"]
[Site "London"]
[Date "2025.06.14"]
[Round "2.5"]
[White "Tokhirjonova, Gulruhbegim"]
[Black "Khotenashvili, Bela"]
[Result "0-1"]
[WhiteElo "2370"]
[BlackElo "2418"]
[PlyCount "82"]
[EventDate "2025.06.14"]
[EventType "team-tourn"]
[EventRounds "13"]
[EventCountry "ENG"]
[SourceTitle "CB25_2025"]
[SourceDate "2025.06.18"]
[SourceVersion "1"]
[SourceVersionDate "2025.06.18"]
[SourceQuality "1"]
[WhiteTeam "Uzbekistan"]
[BlackTeam "Duobeniajan Costa Calida"]
[WhiteTeamCountry "UZB"]
[BlackTeamCountry "ESP"]

1. Nf3 g6 2. g3 Bg7 3. Bg2 c5 4. 0-0 Nc6 5. e4 d6 6. c3 Nf6 7. Re1 0-0 8. d4 cxd4 9. cxd4 d5 10. e5 Ne4 11. Nc3 Nxc3 12. bxc3 Na5 13. Bf4 Bd7 14. Nd2 e6 15. Nb3 Rc8 16. h4 h6 17. Rc1 Bb5 18. Kh2 Nc4 19. Nc5 b6 20. Nd3 Na5 21. Qf3 Qe7 22. Nb4 Rc7 23. Qe3 Kh7 24. Bxd5 exd5 25. Nxd5 Qd8 26. Nxc7 Qxc7 27. e6 Qb7 28. e7 Re8 29. Bd6 Nc4 30. Qf4 Qd7 31. Bb8 Rxe7 32. Rxe7 Qxe7 33. d5 Ne5 34. d6 Qd7 35. Rd1 Bc6 36. g4 Nxg4+ 37. Kg1 h5 38. Bc7 Bxc3 39. Rc1 Be5 40. Qg5 Bxd6 41. Bxd6 Qxd6 0-1

[Event "WchT Rapid"]
[Site "London"]
[Date "2025.06.13"]
[Round "12.5"]
[White "Efroimski, Marsel"]
[Black "Khotenashvili, Bela"]
[Result "0-1"]
[WhiteElo "2337"]
[BlackElo "2349"]
[PlyCount "110"]
[EventDate "2025.06.11"]
[EventType "team-swiss"]
[EventRounds "12"]
[EventCountry "ENG"]
[SourceTitle "CB25_2025"]
[SourceDate "2025.06.18"]
[SourceVersion "1"]
[SourceVersionDate "2025.06.18"]
[SourceQuality "1"]
[WhiteTeam "Rishon LeZion"]
[BlackTeam "Duobeniajan Costa Calida"]
[WhiteTeamCountry "ISR"]
[BlackTeamCountry "ESP"]

1. e4 c6 2. d4 g6 3. Nc3 Bg7 4. Be3 d5 5. e5 Nh6 6. Qd2 Nf5 7. Bf4 h5 8. Nf3 a5 9. h3 Na6 10. a3 Nc7 11. Bd3 Ne6 12. Bxf5 gxf5 13. Be3 h4 14. Ne2 Bf8 15. Nf4 Nxf4 16. Bxf4 e6 17. Bg5 Be7 18. Bxe7 Qxe7 19. Qg5 b6 20. Qxe7+ Kxe7 21. Ng5 f4 22. Nf3 Ba6 23. Nh2 c5 24. 0-0-0 Rhg8 25. Rhg1 Be2 26. Rde1 Bh5 27. f3 Rg3 28. dxc5 bxc5 29. Ng4 Bxg4 30. fxg4 f3 31. gxf3 Rxf3 32. Ref1 Rxh3 33. Rf6 Rg8 34. Rgf1 Rg7 35. g5 Rg3 36. Rh6 R3xg5 37. Rxh4 Rxe5 38. Ra4 Re2 39. Rxa5 Kd6 40. Kd1 Rgg2 41. Rxf7 Rd2+ 42. Ke1 Rxc2 43. Ra6+ Ke5 44. Kf1 Rgd2 45. Ke1 Rh2 46. Kd1 Rxb2 47. Kc1 Rbf2 48. Rxf2 Rxf2 49. a4 c4 50. a5 c3 51. Rc6 d4 52. Kb1 Kd5 53. Rc8 Rb2+ 54. Ka1 Rb5 55. Ra8 c2 0-1

[Event "WchT Rapid"]
[Site "London"]
[Date "2025.06.12"]
[Round "6.5"]
[White "Kueh, Audrey"]
[Black "Khotenashvili, Bela"]
[Result "0-1"]
[WhiteElo "2098"]
[BlackElo "2349"]
[PlyCount "54"]
[EventDate "2025.06.11"]
[EventType "team-swiss"]
[EventRounds "12"]
[EventCountry "ENG"]
[SourceTitle "CB25_2025"]
[SourceDate "2025.06.18"]
[SourceVersion "1"]
[SourceVersionDate "2025.06.18"]
[SourceQuality "1"]
[WhiteTeam "Wood Green"]
[BlackTeam "Duobeniajan Costa Calida"]
[WhiteTeamCountry "ENG"]
[BlackTeamCountry "ESP"]

1. e4 c6 2. d4 g6 3. Nc3 Bg7 4. Bg5 Qb6 5. Nf3 Qxb2 6. Na4 Qb4+ 7. c3 Qa5 8. Bd2 d6 9. Qb3 Nf6 10. Ng5 0-0 11. Bc4 d5 12. Bd3 h6 13. e5 hxg5 14. exf6 Bxf6 15. g3 Kg7 16. h4 Rh8 17. 0-0-0 g4 18. Nc5 Nd7 19. Nxd7 Bxd7 20. c4 Qb6 21. cxd5 cxd5 22. Qxb6 axb6 23. Kb1 Bxd4 24. Bb4 Bc5 25. Bc3+ f6 26. Bc2 Bc6 27. Bb3 d4 0-1

[Event "WchT Rapid"]
[Site "London"]
[Date "2025.06.11"]
[Round "1.5"]
[White "Zhao, George"]
[Black "Khotenashvili, Bela"]
[Result "0-1"]
[WhiteElo "1939"]
[BlackElo "2349"]
[PlyCount "68"]
[EventDate "2025.06.11"]
[EventType "team-swiss"]
[EventRounds "12"]
[EventCountry "ENG"]
[SourceTitle "CB25_2025"]
[SourceDate "2025.06.18"]
[SourceVersion "1"]
[SourceVersionDate "2025.06.18"]
[SourceQuality "1"]
[WhiteTeam "Chess Trust Accelerators"]
[BlackTeam "Duobeniajan Costa Calida"]
[WhiteTeamCountry "ENG"]
[BlackTeamCountry "ESP"]

1. d4 g6 2. c4 Bg7 3. Nf3 c5 4. d5 d6 5. g3 e6 6. Bg2 exd5 7. Qxd5 Nc6 8. Ng5 Qe7 9. Ne4 Be5 10. Bg5 f6 11. Bf4 Be6 12. Qd2 Rd8 13. Bxe5 dxe5 14. Qe3 Nd4 15. Qc3 Bg4 16. e3 Nf3+ 17. Bxf3 Bxf3 18. 0-0 Bxe4 19. Nd2 Bc6 20. f4 Nh6 21. Rae1 0-0 22. e4 Rd4 23. Qc2 exf4 24. Rxf4 g5 25. Rf2 Ng4 26. Rfe2 Ne5 27. Rf1 Qd7 28. Nb3 Rxc4 29. Qb1 Qg4 30. Rff2 Rxe4 31. Qc2 Rxe2 32. Rxe2 Qf3 33. Nxc5 Qh1+ 34. Kf2 Ng4# 0-1

[Event "EU-ch (Women) 25th"]
[Site "Rhodes"]
[Date "2025.04.09"]
[Round "9"]
[White "Doluhanova, Evgeniya"]
[Black "Khotenashvili, Bela"]
[Result "1/2-1/2"]
[WhiteElo "2266"]
[BlackElo "2418"]
[PlyCount "147"]
[EventDate "2025.03.31"]
[EventType "swiss"]
[EventRounds "11"]
[EventCountry "GRE"]
[SourceTitle "CB16_2025"]
[SourceDate "2025.04.16"]
[SourceVersion "1"]
[SourceVersionDate "2025.04.16"]
[SourceQuality "1"]

1. e4 c6 2. d4 d5 3. Nc3 dxe4 4. Nxe4 Nf6 5. Nxf6+ exf6 6. Bc4 Nd7 7. Nf3 Nb6 8. Bb3 a5 9. a4 Be7 10. 0-0 0-0 11. Re1 Re8 12. Bd2 Bg4 13. c3 Nd5 14. h3 Bh5 15. c4 Nb4 16. Bc3 Qd7 17. c5 Nd5 18. Bxd5 Qxd5 19. Re3 Bf8 20. Qe2 Rxe3 21. Qxe3 Bg6 22. Nd2 Bf5 23. Qf3 Qe6 24. Qe3 Be7 25. Re1 Bd8 26. g4 Qxe3 27. Rxe3 Be6 28. b3 Bc7 29. Nc4 h5 30. f3 Kf8 31. Kg2 Kg8 32. Re1 Kf8 33. Rb1 Ke7 34. Ne3 Kd7 35. Nc4 f5 36. gxh5 f4 37. Kf2 Rh8 38. Rg1 Rxh5 39. Rxg7 Rxh3 40. Kg2 Rh5 41. Bxa5 Bxa5 42. Nxa5 Rd5 43. Nxb7 Rxd4 44. Rg8 Rd2+ 45. Kf1 Ra2 46. Na5 Rc2 47. Rg5 Rc3 48. Ke2 Re3+ 49. Kf2 Bd5 50. Nc4 Rxf3+ 51. Ke2 Rxb3 52. Nb6+ Ke6 53. Nxd5 cxd5 54. Rg8 Rc3 55. Rc8 Ke5 56. a5 f3+ 57. Kd2 Kd4 58. Rf8 Rxc5 59. Rxf7 Ke4 60. a6 Ra5 61. Re7+ Kf4 62. a7 Ra2+ 63. Ke1 d4 64. Rf7+ Ke3 65. Re7+ Kd3 66. Rf7 f2+ 67. Kf1 Kc3 68. Rc7+ Kd2 69. Kxf2 d3 70. Rd7 Ra6 71. Kf3 Rf6+ 72. Ke4 Re6+ 73. Kd5 Ra6 74. Kc4 1/2-1/2

[Event "EU-ch (Women) 25th"]
[Site "Rhodes"]
[Date "2025.04.05"]
[Round "6"]
[White "Narva, Mai"]
[Black "Khotenashvili, Bela"]
[Result "1/2-1/2"]
[WhiteElo "2371"]
[BlackElo "2418"]
[PlyCount "40"]
[EventDate "2025.03.31"]
[EventType "swiss"]
[EventRounds "11"]
[EventCountry "GRE"]
[SourceTitle "CB16_2025"]
[SourceDate "2025.04.16"]
[SourceVersion "1"]
[SourceVersionDate "2025.04.16"]
[SourceQuality "1"]

1. e4 c6 2. d4 d5 3. exd5 cxd5 4. Bd3 Nc6 5. c3 Qc7 6. h3 Nf6 7. Nf3 g6 8. 0-0 Bf5 9. Bb5 Bg7 10. Re1 0-0 11. Be3 a6 12. Bf1 Nd7 13. Na3 b5 14. Nh4 Be6 15. Qd2 Nf6 16. Bd3 Ne4 17. Bxe4 dxe4 18. Bf4 Qd7 19. Rxe4 Bxa2 20. Bh6 Bd5 1/2-1/2

[Event "EU-ch (Women) 25th"]
[Site "Rhodes"]
[Date "2025.04.01"]
[Round "2"]
[White "Smietanska, Wiktoria"]
[Black "Khotenashvili, Bela"]
[Result "0-1"]
[WhiteElo "2239"]
[BlackElo "2418"]
[PlyCount "110"]
[EventDate "2025.03.31"]
[EventType "swiss"]
[EventRounds "11"]
[EventCountry "GRE"]
[SourceTitle "CB16_2025"]
[SourceDate "2025.04.16"]
[SourceVersion "1"]
[SourceVersionDate "2025.04.16"]
[SourceQuality "1"]

1. e4 c6 2. d4 d5 3. Nd2 dxe4 4. Nxe4 Bf5 5. Ng3 Bg6 6. h4 h6 7. Nf3 Nd7 8. h5 Bh7 9. Bd3 Bxd3 10. Qxd3 Ngf6 11. Bd2 Qc7 12. 0-0-0 e6 13. Ne4 Be7 14. Kb1 0-0-0 15. g3 Qb6 16. c4 Qa6 17. b3 Ng4 18. Qe2 f5 19. Nc3 Rhe8 20. Ne5 Ndxe5 21. dxe5 Bc5 22. Ne4 Qb6 23. Rhf1 fxe4 24. Qxg4 Rd3 25. Qxe4 Rxb3+ 26. axb3 Qxb3+ 27. Ka1 Qa3+ 28. Kb1 Qb3+ 29. Ka1 Rd8 30. Be3 Qa3+ 31. Kb1 Qb3+ 32. Ka1 Rxd1+ 33. Rxd1 Qxd1+ 34. Kb2 Qe2+ 35. Kb1 Qe1+ 36. Kc2 Qe2+ 37. Kb1 Bxe3 38. fxe3 Qxh5 39. Qd4 Qf5+ 40. Kb2 Qf2+ 41. Kb1 Qxg3 42. Qc5 Qe1+ 43. Kc2 Qf2+ 44. Kd3 Qf1+ 45. Kd2 a6 46. Kc3 Qf7 47. Qd6 h5 48. c5 h4 49. Qd4 g5 50. Qg4 Qf5 51. Qh5 Qxe5+ 52. Kb4 Qb2+ 53. Kc4 Qb5+ 54. Kd4 Qb4+ 55. Kd3 Qxc5 0-1

[Event "EU-ch (Women) 25th"]
[Site "Rhodes"]
[Date "2025.03.31"]
[Round "1"]
[White "Khotenashvili, Bela"]
[Black "Eric, Jovana"]
[Result "1-0"]
[WhiteElo "2418"]
[BlackElo "2147"]
[PlyCount "77"]
[EventDate "2025.03.31"]
[EventType "swiss"]
[EventRounds "11"]
[EventCountry "GRE"]
[SourceTitle "CB16_2025"]
[SourceDate "2025.04.16"]
[SourceVersion "1"]
[SourceVersionDate "2025.04.16"]
[SourceQuality "1"]

1. Nf3 d5 2. e3 Nf6 3. c4 c6 4. d4 g6 5. Nc3 Bg7 6. a4 0-0 7. Qb3 Qb6 8. Qa3 Re8 9. a5 Qd8 10. Qb3 e6 11. Be2 Nbd7 12. 0-0 Ne4 13. Nxe4 dxe4 14. Nd2 e5 15. d5 Nc5 16. Qa3 Bf8 17. b4 Na6 18. d6 Bxd6 19. c5 Be7 20. Nxe4 Be6 21. Bb2 Bd5 22. Rad1 Qc8 23. Nd6 Bxd6 24. cxd6 Qe6 25. f3 Rad8 26. b5 Nb8 27. Qb4 cxb5 28. Bxb5 Nc6 29. Qc5 a6 30. Rxd5 axb5 31. Rfd1 Nxa5 32. Rxe5 Qb3 33. Rxe8+ Rxe8 34. Qd4 f6 35. d7 Rd8 36. Rd3 Qa2 37. Qxf6 Qb1+ 38. Kf2 Qc2+ 39. Kg3 1-0

[Event "GEO-ch (Women) 82nd"]
[Site "Tbilisi"]
[Date "2025.02.10"]
[Round "7"]
[White "Mgeladze, Kesaria"]
[Black "Khotenashvili, Bela"]
[Result "0-1"]
[WhiteElo "2219"]
[BlackElo "2419"]
[PlyCount "160"]
[EventDate "2025.02.03"]
[EventType "tourn"]
[EventRounds "9"]
[EventCountry "GEO"]
[SourceTitle "CB07_2025"]
[SourceDate "2025.02.12"]
[SourceVersion "1"]
[SourceVersionDate "2025.02.12"]
[SourceQuality "1"]

1. e4 c6 2. Nf3 d5 3. Nc3 Bg4 4. h3 Bxf3 5. Qxf3 e6 6. g3 Bc5 7. Bg2 Nd7 8. Na4 Be7 9. d4 dxe4 10. Qxe4 Ngf6 11. Qe2 Qa5+ 12. Nc3 Qb6 13. Qc4 Nd5 14. 0-0 a5 15. Nxd5 cxd5 16. Qd3 0-0 17. a4 Rfc8 18. c3 Qa6 19. Qxa6 Rxa6 20. Re1 Kf8 21. Bf1 Rb6 22. Bb5 Nf6 23. Bg5 Ne8 24. Bxe7+ Kxe7 25. Ra3 Nd6 26. Rb3 Nxb5 27. axb5 Rc4 28. Ra1 a4 29. Rb4 Rxb4 30. cxb4 Rxb5 31. Rxa4 Kd6 32. Kf1 e5 33. Ke2 exd4 34. Kd3 Rb6 35. Kxd4 Rc6 36. b3 Rc2 37. Ra5 Rd2+ 38. Ke3 Rb2 39. Kd4 Rxf2 40. Rxd5+ Kc7 41. Ke3 Rf6 42. h4 Rb6 43. b5 Rd6 44. Rh5 Rg6 45. Kf4 Rf6+ 46. Ke4 h6 47. Rc5+ Kb6 48. Rd5 Ka5 49. g4 Kb4 50. Rd7 b6 51. g5 hxg5 52. hxg5 Rf1 53. Rd5 f6 54. gxf6 Rxf6 55. Ke5 Kxb3 56. Rd7 Rg6 57. Kf5 Rh6 58. Rxg7 Kc4 59. Rg1 Kxb5 60. Ke4 Rh3 61. Kd4 Kb4 62. Rc1 b5 63. Ra1 Rb3 64. Rc1 Rb2 65. Kd3 Kb3 66. Rc3+ Ka2 67. Rc8 b4 68. Ra8+ Kb3 69. Rb8 Rh2 70. Rb7 Rh4 71. Kd2 Kb2 72. Rb8 Rd4+ 73. Ke3 Kc3 74. Rb7 Rd8 75. Rb6 b3 76. Rc6+ Kb2 77. Rb6 Kc2 78. Rc6+ Kb1 79. Rb6 b2 80. Ke2 Rd5 0-1

[Event "GEO-ch (Women) 82nd"]
[Site "Tbilisi"]
[Date "2025.02.09"]
[Round "6"]
[White "Khotenashvili, Bela"]
[Black "Tsetskhladze, Mariam"]
[Result "1/2-1/2"]
[WhiteElo "2419"]
[BlackElo "2080"]
[PlyCount "65"]
[EventDate "2025.02.03"]
[EventType "tourn"]
[EventRounds "9"]
[EventCountry "GEO"]
[SourceTitle "CB07_2025"]
[SourceDate "2025.02.12"]
[SourceVersion "1"]
[SourceVersionDate "2025.02.12"]
[SourceQuality "1"]

1. d4 d5 2. Nf3 Nf6 3. g3 Bf5 4. Nh4 Be4 5. f3 Bg6 6. Bg2 c5 7. e4 e6 8. e5 Nfd7 9. f4 cxd4 10. f5 exf5 11. 0-0 Nc6 12. Re1 Nc5 13. Qf3 Ne6 14. Nxf5 Bc5 15. Kh1 0-0 16. g4 Nb4 17. Na3 Ng5 18. Bxg5 Qxg5 19. h4 Qd8 20. h5 Bxf5 21. gxf5 Qh4+ 22. Qh3 Qxh3+ 23. Bxh3 Rfe8 24. Rad1 Nc6 25. Nb5 Rxe5 26. Rxe5 Nxe5 27. Nxd4 Rd8 28. b3 Nc6 29. Nxc6 bxc6 30. Bg2 Kf8 31. c4 Ke7 32. cxd5 cxd5 33. Rxd5 1/2-1/2

[Event "GEO-ch (Women) 82nd"]
[Site "Tbilisi"]
[Date "2025.02.05"]
[Round "3"]
[White "Khotenashvili, Bela"]
[Black "Mikadze, Miranda"]
[Result "0-1"]
[WhiteElo "2419"]
[BlackElo "2133"]
[PlyCount "66"]
[EventDate "2025.02.03"]
[EventType "tourn"]
[EventRounds "9"]
[EventCountry "GEO"]
[SourceTitle "CB07_2025"]
[SourceDate "2025.02.12"]
[SourceVersion "1"]
[SourceVersionDate "2025.02.12"]
[SourceQuality "1"]

1. c4 Nf6 2. Nf3 c6 3. Nc3 d5 4. e3 Bf5 5. cxd5 cxd5 6. Qb3 Bc8 7. d4 e6 8. Ne5 Be7 9. Bd3 0-0 10. 0-0 Nfd7 11. f4 g6 12. e4 Nc6 13. Nxd7 Bxd7 14. Be3 Nb4 15. Bb1 dxe4 16. Bxe4 Bc6 17. Bxc6 bxc6 18. Rad1 a5 19. Rf3 Qb8 20. Qc4 Rd8 21. Bf2 Nd5 22. Qxc6 Qxb2 23. Nxd5 exd5 24. f5 Rac8 25. Qa4 Rc1 26. Be3 Qb4 27. Rxc1 Qxa4 28. Rf2 Qa3 29. Bh6 g5 30. Rc6 Qa4 31. Rc7 Qd1+ 32. Rf1 Qxd4+ 33. Kh1 Qf6 0-1

[Event "Titled Tuesday intern op 28th Jan Early"]
[Site "Chess.com INT"]
[Date "2025.01.28"]
[Round "2"]
[White "Chandratreya, Prachiti"]
[Black "Khotenashvili, Bela"]
[Result "0-1"]
[WhiteElo "1999"]
[BlackElo "2420"]
[PlyCount "74"]
[EventDate "2025.01.28"]
[EventType "swiss (blitz)"]
[EventRounds "11"]
[EventCountry "USA"]
[SourceTitle "CB06_2025"]
[SourceDate "2025.02.05"]
[SourceVersion "1"]
[SourceVersionDate "2025.02.05"]
[SourceQuality "1"]

1. e4 c6 2. d4 g6 3. Nf3 Bg7 4. c3 d6 5. Bd3 Nd7 6. 0-0 e5 7. Re1 Ngf6 8. Nbd2 0-0 9. Nf1 Nh5 10. Bg5 Qb6 11. dxe5 dxe5 12. Qd2 Nc5 13. Bc4 Be6 14. Bxe6 Nxe6 15. Be3 Qa6 16. g3 Rad8 17. Qc2 Rd7 18. a3 Rfd8 19. Red1 Rxd1 20. Rxd1 Rxd1 21. Qxd1 Qc4 22. Qc2 a5 23. N1d2 Qe2 24. Bb6 Bh6 25. Bxa5 Ng5 26. Nxg5 Bxg5 27. c4 Nf6 28. Bd8 Ng4 29. Bb6 Bxd2 30. h3 Nf6 31. Qa4 Qe1+ 32. Kh2 Nxe4 33. Qa8+ Kg7 34. Kg2 Ng5 35. Qd8 Qe4+ 36. Kf1 Qxc4+ 37. Kg1 Qd5 0-1

[Event "Titled Tuesday intern op 28th Jan Early"]
[Site "Chess.com INT"]
[Date "2025.01.28"]
[Round "4"]
[White "Gyenes, Mate"]
[Black "Khotenashvili, Bela"]
[Result "0-1"]
[WhiteElo "2230"]
[BlackElo "2420"]
[PlyCount "78"]
[EventDate "2025.01.28"]
[EventType "swiss (blitz)"]
[EventRounds "11"]
[EventCountry "USA"]
[SourceTitle "CB06_2025"]
[SourceDate "2025.02.05"]
[SourceVersion "1"]
[SourceVersionDate "2025.02.05"]
[SourceQuality "1"]

1. e4 c6 2. d4 g6 3. Nc3 d5 4. Nf3 Bg7 5. Be3 Nh6 6. exd5 cxd5 7. Bb5+ Nc6 8. Ne5 Bd7 9. Nxd5 Nxe5 10. dxe5 Bxb5 11. e6 0-0 12. exf7+ Rxf7 13. Qd2 Bc4 14. 0-0-0 Qxd5 15. Qxd5 Bxd5 16. Rxd5 Nf5 17. Bc5 e6 18. Rd3 b6 19. Ba3 Nd4 20. Rhd1 Nb5 21. Bb4 Rxf2 22. a4 Nc7 23. c4 Na6 24. Ba3 Nc5 25. Bxc5 bxc5 26. R1d2 Rxd2 27. Rxd2 Rb8 28. Re2 Kf7 29. Rf2+ Ke7 30. g4 Rb4 31. Rc2 Rxa4 32. Kd2 Rb4 33. b3 Rxb3 34. Ra2 a5 35. Rxa5 Bc3+ 36. Kc2 Bxa5 37. Kxb3 Kd6 38. Ka4 Bb4 39. Kb5 Ke5 0-1

[Event "Titled Tuesday intern op 28th Jan Early"]
[Site "Chess.com INT"]
[Date "2025.01.28"]
[Round "7"]
[White "Khotenashvili, Bela"]
[Black "Erzhanov, Arman"]
[Result "1-0"]
[WhiteElo "2420"]
[BlackElo "2132"]
[PlyCount "101"]
[EventDate "2025.01.28"]
[EventType "swiss (blitz)"]
[EventRounds "11"]
[EventCountry "USA"]
[SourceTitle "CB06_2025"]
[SourceDate "2025.02.05"]
[SourceVersion "1"]
[SourceVersionDate "2025.02.05"]
[SourceQuality "1"]

1. Nf3 c5 2. g3 Nc6 3. Bg2 g6 4. 0-0 Bg7 5. c4 e6 6. Nc3 Nge7 7. d3 0-0 8. Bg5 h6 9. Bd2 d5 10. cxd5 exd5 11. Rc1 b6 12. Qa4 Bd7 13. Qh4 Qc8 14. e4 d4 15. Nd5 Qd8 16. Nf6+ Bxf6 17. Qxf6 Kh7 18. b4 Nxb4 19. Bxb4 cxb4 20. Qxd4 Nc6 21. Qd6 Rc8 22. d4 Qc7 23. Qf6 Qd8 24. Qf4 Ne7 25. d5 Ng8 26. e5 Bf5 27. Rxc8 Bxc8 28. Qxb4 Ne7 29. d6 Nc6 30. Qc4 Bd7 31. Re1 Qe8 32. a3 Be6 33. Qc2 Nd8 34. Nd4 Qd7 35. Rc1 Re8 36. Qe4 Bf5 37. Nxf5 Qxf5 38. Qxf5 gxf5 39. f4 Ne6 40. Bd5 Rd8 41. Bxe6 fxe6 42. Rc7+ Kg6 43. Rxa7 Rc8 44. Re7 Rc1+ 45. Kg2 Rd1 46. Rxe6+ Kg7 47. Rf6 Rd3 48. Rxf5 Rxa3 49. e6 Rd3 50. e7 Re3 51. d7 1-0

[Event "Titled Tuesday intern op 28th Jan Early"]
[Site "Chess.com INT"]
[Date "2025.01.28"]
[Round "5"]
[White "Khotenashvili, Bela"]
[Black "Perez Ponsa, Federico"]
[Result "0-1"]
[WhiteElo "2420"]
[BlackElo "2528"]
[PlyCount "74"]
[EventDate "2025.01.28"]
[EventType "swiss (blitz)"]
[EventRounds "11"]
[EventCountry "USA"]
[SourceTitle "CB06_2025"]
[SourceDate "2025.02.05"]
[SourceVersion "1"]
[SourceVersionDate "2025.02.05"]
[SourceQuality "1"]

1. Nf3 Nf6 2. g3 g6 3. Bg2 Bg7 4. 0-0 0-0 5. d4 d6 6. a4 c6 7. a5 Nbd7 8. Nc3 Qc7 9. e4 e5 10. h3 Rb8 11. dxe5 dxe5 12. Be3 b5 13. axb6 axb6 14. Nd2 b5 15. Nb3 Nb6 16. Qc1 Nc4 17. Bc5 Rd8 18. Rd1 Be6 19. Ra7 Rxd1+ 20. Qxd1 Qd8 21. Be7 Qxd1+ 22. Nxd1 Nd7 23. Nc5 Nxc5 24. Bxc5 Rd8 25. Bf3 Bf8 26. Bxf8 Kxf8 27. Kg2 Rd2 28. b3 Nd6 29. Ne3 Ke8 30. Rc7 Bd7 31. h4 h5 32. Kf1 Rd4 33. Ke1 Nxe4 34. c3 Nxc3 35. Bxc6 Bxc6 36. Rxc6 b4 37. Nc4 Rd1# 0-1